000 01065nam a2200325Ia 4500
003 OSt
005 20221007124937.0
006 a|||||r|||| 00| 0
007 ta
008 221006b |||||||| |||| 00| 0 eng d
020 _a9871138033092 (HBK)
024 _a200490
037 _b5461, 12/03/2019, Ashutosh Technical Books
_cTextual
040 _aCDL
_cCDL
_beng
041 _2eng
_aeng
082 _aE9Gg, Q8 Carc
100 _aLundblad Roger L Ed.
245 0 _aHandbook of biochemistry and molecular biology
_b Macdonald Fiona M Ed.
250 _a5
260 _aBoca
_bRaton CRC press
_c2018
300 _axv,1001p. ill
_ccm.
500 _aAppendix 979-992p.; Index 993-1001p.
650 _a Enzymes
_9475642
650 _a Glycoscience
_9721082
650 _a Lipidomics and lipidomes
_9721083
650 _aChemistry
700 _a Macdonald Fiona M Ed.
942 _hE9Gg, Q8 Carc
_cTEXL
_2CC
999 _c1214416
_d1214416